Sélectionneurs de l'équipe de France - Mort subite - Statistiques

Statistiques générales
  • Ce quiz a été pris 133 fois
  • Le résultat moyen est 7 sur 12
Answers on the Grid
Answers color-coded by a green-red scale on the quiz's grid according to % correct below.
Didier Deschamps
Laurent Blanc
Raymond Domenech
Jacques Santini
Roger Lemerre
Aimé Jacquet
Gérard Houllier
Michel Platini
Henri Michel
Michel Hidalgo
Ștefan Kovács
Just Fontaine
Rúben Amorim
Jean Tigana
Antoine Griezmann
Franck Haise
Zoumana Camara
Fabio Celestini
Ivan Jurić
Bruno Genesio
Rudi Garcia
Luis Fernandez
Ciprian Tătărușanu
Arsène Wenger
 
Statistiques - réponses
Réponse % Correct
Didier Deschamps
89%
Aimé Jacquet
81%
Raymond Domenech
80%
Laurent Blanc
79%
Jacques Santini
62%
Henri Michel
58%
Roger Lemerre
58%
Michel Hidalgo
55%
Michel Platini
53%
Gérard Houllier
49%
Just Fontaine
49%
Ștefan Kovács
19%
Aucun quiz correspondant
Distribution des résultats
% des personnes avec chaque résultat
Percentile par nombre de réponses
Votre historique - résultats
Vous n’avez pas pris ce quiz